000 01184nam a22002415i 4500
001 155447
003 ES-MaACL
005 20251004063203.0
008 940301s1890 sp |||| | spa d
040 _aAS
_bspa
100 1 _aHinojosa y Naveros, Eduardo de,
_d1852-1919
_9125519
245 1 0 _aInfluencia que tuvieron en el derecho público de su patria y singularmente en el derecho penal los filósofos y téologos españoles anteriores a nuestro siglo /
_cpor Eduardo de Hinojosa.
260 _aMadrid :
_b[s.n.],
_c1890 (
_fTip. de los Huérfanos)
300 _a199 p. ;
_c25 cm.
500 _aMemoria premiada por la Real Academia de Ciencias Morales y Políticas en el concurso del año 1889.
530 _aDisponible en formato digital.
650 0 4 _aDerecho penal-
_zEspaña-
_vHistoria.
_911754
650 4 _aDerecho internacional-
_zEspaña-
_vHistoria.
_9157487
650 4 _aCristianismo-
_xInfluencia.
_9155635
852 _aES-MaACL
_jF-M-III-O (VII)
_z- Enc. pasta española
_z- Falto de cub. original
_z- Enc. en un vol. facticio
856 _uhttp://bdh-rd.bne.es/viewer.vm?id=0000064348&page=1
_zBiblioteca Digital Hispánica
999 _c155447
_d155447